000 00292nam a2200121 i 4500
001 bg
245 0 _aTchermodynamics :
_ban advanced course with problems and solutions.
260 _aAmsterdam.
040 _cBPK
041 _apol
942 _cKS
008 s pl f |000 0 pol
999 _c25754
_d25754
856 _uhttp://koha.tu.koszalin.pl/cgi-bin/koha/opac-detail.pl?biblionumber=25754
_yKatalog online BPK